Biblioteca ESET

Desde fines del Medioevo hasta fines de la Modernidad (Registro nro. 1137)

Detalles MARC
000 -CABECERA
fixed length control field 00771nam a22002297a 4500
003 - CONTROL NUMBER IDENTIFIER
control field AR-BeUNQ
005 - FECHA Y HORA DE LA ULTIMA TRANSACCION
control field 20241205155954.0
008 - ELEMENTOS DE LONGITUD FIJA-INFORMACION GENERAL
fixed length control field 241205b15001879spaabcjcrfbinz||1 mcspas|
020 ## - NUMERO INTERNACIONAL NORMALIZADO PARA LIBROS
Número Internacional Normalizado del libro 9789501309362
040 ## - FUENTE DE CATALOGACION
Agencia de catalogación original AR-BeUNQ
Agencia que realiza la transcripción AR-BeUNQ
Convenciones de la descripción aacr
082 ## - NUMERO DE CLASIFICACION DECIMAL DEWEYMBER
Número de la edición 21
Número de clasificación 909 VAZ
100 01 - ASIENTO PRINCIPAL-NOMBRE PERSONAL
Nombre personal Vázquez de Fernández, Silvia
Títulos u otras palabras asociadas al nombre aut.
Fecha asociada al nombre 1970
245 ## - MENCION DE TITULO
Título Desde fines del Medioevo hasta fines de la Modernidad
Mención de responsabilidad, etc Silvia Vázquez de Fernández
Medio físico libro
250 ## - MENCION DE EDICION
Mención de edición 1a.ed
260 ## - PUBLICACION, DISTRIBUCION, ETC.
Lugar de publicación, distribución, etc. Buenos Aires :
Nombre del editor, distribuidor, etc. Kapelucz,
Fecha de publicación, distribución, etc 2009
300 ## - DESCRIPCION FISICA
Extensión 264 p.
Otros detalles físicos il. ;
Dimensiones 27x22cm
Material acompañante Cuadernillo de actividades
490 ## - MENCION DE SERIE
Mención de serie Sociedades y Tiempo
650 ## - ASIENTO SECUNDARIO DE MATERIA - TERMINO TEMATICO
Fuente del encabezamiento o términ spines
Término temático o nombre geográfico como elemento de entrada Historia
651 ## - ASIENTO SECUNDARIO DE MATERIA - NOMBRE GEOGRAFICO
Fuente del encabezamiento o término unescot
Nombre geográfico Europa
929 ## - DATOS DE ADQUISICION
Procedencia DONACION
Proveedor Biblioteca Municipal Sarmiento
Orden de compra 0
Precio 0
Fecha de recibido 2022
Patrimonio UNQ PAT0082704
Número de inventario 92814
942 ## - ELEMENTOS DE PUNTO DE ACCESO ADICIONAL (KOHA)
Tipo de ítem Koha Libros
Existencias
Estado de retiro Estado de pérdida Ubicación permanente Ubicación actual Ubicación en estantería Fecha de ingreso Total Checkouts Signatura topográfica completa Inventario Date last seen Tipo de ítem Koha Operador
    Biblioteca ESET - UNQ Biblioteca ESET - UNQ CIRCULACION 01/09/2022   909 VAZ 62814 05/12/2024 Libros Gladys Alarcon

ESET UNQ

☏ 4365-7188
 Avenida República de Francia 1714 entre Doctor Kenny y Concordia, Ezpeleta, Bs As.
✉ secretaria_eset@unq.edu.ar

Con tecnología Koha